Datum a čas kvízu
38.5
Celkem bodů
Celkový počet nahraných bodů na tomto kvízu bez doplňovacích otázek.
5.
Pořadí na kvízu
Konečné umístění týmu na tomto kvízu.
Zaznamenané odpovědi
| # | Otázka | Odpověď | Body | Výsledky |
|---|---|---|---|---|
| 1. | Minulou středu proběhl po celé... | 11:59 | 0 | |
| 2. | Dva zkušení borci, 66letý Joha... | traktory | 0 | |
| 3. | Jako recesi se senátor Lumír A... | Karla Gotta | 1 | |
| 4. | Nizozemská firma Organoid Comp... | C) Tyrannosaura rexe | 0 | |
| 5. | Minulý týden se vyhlašovaly v... | Aryna Sabalenka, Carlos Alcaraz | 1 | |
| 6. | Vědci v minulosti několikrát t... | D) | 0 | |
| 7. | Světová zdravotnická organizac... | o Gruzii | 1 | |
| 8. | V červenci 2025 Senát schválil... | 3 (2 a 4 za půl bodu) | 0 | |
| 9. | Na které z fotografií se nachá... | A) | 1 | |
| 10. | Velení wehrmachtu si před začá... | pervitin | 1 |